Giáo trình lý thuyết và bài tập Pascal; Toàn tập

Spremljeno u:
Bibliografski detalji
Glavni autor: Nguyễn, Đình Tê
Format: Knjiga
Jezik:Undetermined
Izdano: Hà Nội Lao Động Xã hội 2004
Teme:
Oznake: Dodaj oznaku
Bez oznaka, Budi prvi tko označuje ovaj zapis!
Thư viện lưu trữ: Trung tâm Học liệu Trường Đại học Cần Thơ
LEADER 00616nam a2200193Ia 4500
001 CTU_64152
008 210402s9999 xx 000 0 und d
020 |b 59000 
082 |a 005.133 
082 |b T250 
100 |a Nguyễn, Đình Tê 
245 0 |a Giáo trình lý thuyết và bài tập Pascal; Toàn tập 
245 0 |c Nguyễn Đình Tê và Hoàng Đức Hải 
260 |a Hà Nội 
260 |b Lao Động Xã hội 
260 |c 2004 
650 |a Pascal ( computer program language ) 
904 |i Minh 
980 |a Trung tâm Học liệu Trường Đại học Cần Thơ